The little mouse, the red ripe strawberry, and the big hungry bear / (Record no. 1985)

MARC details
000 -LEADER
fixed length control field 01032 am a2200313ua 4500
001 - CONTROL NUMBER
control field 1985
003 - CONTROL NUMBER IDENTIFIER
control field FISKH
005 - DATE AND TIME OF LATEST TRANSACTION
control field 20250612101543.0
008 - FIXED-LENGTH DATA ELEMENTS--GENERAL INFORMATION
fixed length control field 850821s1984 enka j| |||| 1|eng
020 ## - INTERNATIONAL STANDARD BOOK NUMBER
International Standard Book Number 0590468944
020 ## - INTERNATIONAL STANDARD BOOK NUMBER
International Standard Book Number 9780590468947
040 ## - CATALOGING SOURCE
Original cataloging agency Uk
Transcribing agency Uk
Language of cataloging eng
082 04 - DEWEY DECIMAL CLASSIFICATION NUMBER
Classification number 823/.9/1
Edition number 18
082 04 - DEWEY DECIMAL CLASSIFICATION NUMBER
Classification number 823/.914
Edition number 19
100 1# - MAIN ENTRY--PERSONAL NAME
Personal name Wood, Don,
Dates associated with a name 1945-
245 14 - TITLE STATEMENT
Title The little mouse, the red ripe strawberry, and the big hungry bear /
Statement of responsibility, etc. by Don and Audrey Wood ; illustrated by Don Wood.
260 ## - PUBLICATION, DISTRIBUTION, ETC.
Place of publication, distribution, etc. New York :
Name of publisher, distributor, etc. Scholastic,
Date of publication, distribution, etc. 1984.
300 ## - PHYSICAL DESCRIPTION
Extent 32 pages :
Other physical details color illustrations ;
Dimensions 25 cm
336 ## - CONTENT TYPE
Content type term text
Source rdacontent
337 ## - MEDIA TYPE
Media type term unmediated
Source rdamedia
338 ## - CARRIER TYPE
Carrier type term volume
Source rdacarrier
505 ## - FORMATTED CONTENTS NOTE
Formatted contents note K<br/>
520 ## - SUMMARY, ETC.
Summary, etc. Little Mouse worries that the big, hungry bear will take his freshly picked, ripe, red strawberry for himself.
521 8# - TARGET AUDIENCE NOTE
Target audience note 510<br/>
Source Lexile<br/>
521 8# - TARGET AUDIENCE NOTE
Target audience note K<br/>
Source Raz-Plus<br/>
653 ## - INDEX TERM--UNCONTROLLED
Uncontrolled term Children's stories in English
-- 1945-
-- Texts
700 1# - ADDED ENTRY--PERSONAL NAME
Personal name Wood, Don
Relator term illustrator
942 ## - ADDED ENTRY ELEMENTS (KOHA)
Source of classification or shelving scheme Dewey Decimal Classification
Koha item type Books
Suppress in OPAC No
Holdings
Withdrawn status Lost status Source of classification or shelving scheme Damaged status Not for loan Collection Home library Current library Shelving location Date acquired Total Checkouts Full call number Barcode Date last seen Date last checked out Copy number Price effective from Koha item type
Withdrawn   Dewey Decimal Classification Damaged   Juvenile Fiction Footprints International School Library Network Toul Kork Campus Footprints International School Library Network Toul Kork Campus TK Primary Library Room(4th Floor), Bookcase 3&4, Shelves 17-32, Yellow Books 10/24/2023 2 WOO 823 PZ7.W84737 FISTK02065 03/05/2025 09/04/2024 1 10/24/2023 Books
    Dewey Decimal Classification     Juvenile Fiction Footprints International School Library Network Toul Kork Campus Footprints International School Library Network Toul Kork Campus TK Primary Library Room(4th Floor), Bookcase 3&4, Shelves 17-32, Yellow Books 10/24/2023 1 WOO 823 PZ7.W84737 FISTK02040 07/18/2025 07/15/2025 2 10/24/2023 Books